01878cam a22003255i 450000100090000000300090000900500170001800800410003502000180007604000430009408200230013710000280016024502080018825000200039626400480041630000450046433600260050933700280053533800270056350000240059050400520061452006050066665000280127165300210129965500170132070000330133794200120137099900170138295201530139920050703EG-ScBUE20260309100524.0171006s2018 enka f bd 001 0 eng d a9781292086033 aEG-ScBUEbengerdacEG-ScBUEdEG-ScBUE04a570.15195bENN2221 aEnnos, Roland,eauthor.10aStatistical and data handling skills in biology /cRoland Ennos, University of Hull in the School of Environmental Sciences, Magnus L. Johnson, University of Hull in the School of Environmental Sciences. aFourth edition. 1aHarlow :bPearson Education Limited,c2018. axix, 258 pages :billustrations ;c24 cm 2rdacontentatextbtxt aunmediated2rdamediabn avolumebnc2rdacarrier aIncludes glossary.  aIncludes bibliographical references and index.  aThe ability to expertly analyse statistical data is a crucial skill in the biological sciences - it is fundamental to fully understanding what your experiments are actually telling you. Statistical and Data Handling Skills in Biology gives you everything you need to master the key skills of statistical analysis. Written in a straight-forward and easy to understand style it presents all of the tests you will need throughout your studies, and shows you how to select the right tests to get the most out of your experiments. All of this is done in the context of biological examples so you can see. 7aBiometry.2BUEsh926131 bPPhrmcMarch2019 vReading book1 aJohnson, Magnus L.,eauthor. 2ddccBB c27244d27215 00102ddc40708BaccahaMAINbMAINc1STd2019-03-17ePurchaseg550.00l1m20o570.15195 ENNp000044409r2025-07-15 00:00:00s2020-02-23v687.50yBB